Fair Lending Compliance: (Record no. 47384)
[ view plain ]
| 000 -LEADER | |
|---|---|
| fixed length control field | 00530nam a22001697a 4500 |
| 005 - DATE AND TIME OF LATEST TRANSACTION | |
| control field | 20260423121311.0 |
| 008 - FIXED-LENGTH DATA ELEMENTS--GENERAL INFORMATION | |
| fixed length control field | 260423b |||||||| |||| 00| 0 eng d |
| 020 ## - INTERNATIONAL STANDARD BOOK NUMBER | |
| ISBN | 978-0470167762 |
| 082 ## - DEWEY DECIMAL CLASSIFICATION NUMBER | |
| Classification number | 658.88 |
| Author Mark | ABR-F |
| 100 ## - MAIN ENTRY--AUTHOR | |
| Author Name | Abrahams, Clark R. |
| -- | Mingyuan Zhang |
| 245 ## - TITLE STATEMENT | |
| Title | Fair Lending Compliance: |
| Sub-Title | Intelligence and Implications for Credit Risk Management |
| 260 ## - PUBLICATION, DISTRIBUTION, ETC. | |
| Place of Publication | Hoboken, New Jersey |
| Name of publisher, distributor, etc. | John Wiley & Sons, Inc., |
| Date of publication, distribution, etc. | 2008 |
| 300 ## - PHYSICAL DESCRIPTION | |
| Pages | 380 p. |
| 500 ## - GENERAL NOTE | |
| General note | Includes Index. |
| 650 ## - SUBJECT ADDED ENTRY--TOPICAL TERM | |
| Subject / Department | Financial Management |
| 942 ## - ADDED ENTRY ELEMENTS (KOHA) | |
| Koha item type | Book |
| Withdrawn status | Lost status | Damaged status | Not for loan | Collection code | Permanent Location | Current Location | Shelving Location | Date acquired | Source of acquisition | Price | Inventory number | Total Checkouts | Full Call Number | Accession No./Barcode | Date last seen | Koha item type |
|---|---|---|---|---|---|---|---|---|---|---|---|---|---|---|---|---|
| Finance | Air University Kharian Campus Library | Air University Kharian Campus Library | Finance | 04/09/2026 | Ali Book Services | 1956.50 | KA/10221 | 658.88 ABR-F | AUKHP0610 | 04/23/2026 | Book |







